000 01105nam a2200277Ia 4500
003 OSt
005 20221005110654.0
006 a|||||r|||| 00| 0
007 ta
008 221004b |||||||| |||| 00| 0 hin d
020 _a9788171786084 (hbk)
_c500
024 _a15532
037 _bBR6162, 24/12/2014, Rajkamal Prakashan Pvt. Ltd.
_cTextual
040 _aCRL
_cCRL
_bhin
041 _2hin
_ahin
082 _aR6, 152K6;Q4
100 _aनरवणे, विश्वनाथ
245 0 _aआधुनिक भारतीय चिन्तन
246 _aĀdhunik bhāratīya chintana
260 _aनई दिल्ली
_bराजकमल प्रकाशन भारत
_c2014
300 _a342पृ0
_ccm.
650 _aभारतीय दर्शन
700 _a जैन, नेमिचन्द्र, अनु.
_9163856
942 _hR6, 152K6;Q4
_cTEXL
_2cc
999 _c1019545
_d1019545